000 00206nam a2200097Ia 4500
008 240331s9999 xx 000 0 und d
082 _bTHA
100 _aAnnamalai, C. ed
245 0 _aThamizhkkodi
942 _cL
999 _c3951
_d3951